[Event "Weiz op 16th"]
[Site "Weiz"]
[Date "2017.06.15"]
[Round "1.16"]
[White "Maderbacher, Niklas"]
[Black "Goelles, Walter"]
[Result "0-1"]
[WhiteElo "836"]
[BlackElo "1692"]
[PlyCount "86"]
[EventDate "2017.06.15"]
[EventType "swiss"]
[EventRounds "5"]
[EventCountry "AUT"]
[SourceTitle "EXT 2024"]
[Source "ChessBase"]
[SourceDate "2023.10.10"]
[SourceVersion "1"]
[SourceVersionDate "2023.10.10"]
[SourceQuality "1"]

1. e4 c5 2. Nc3 d6 3. Bc4 e6 4. Qf3 Nc6 5. Nh3 Ne5 6. Qh5 Nxc4 7. Ng5 g6 8. Qf3 Qxg5 9. d3 Qf6 10. Qxf6 Nxf6 11. dxc4 Bd7 12. 0-0 Bc6 13. Bg5 Bg7 14. Bxf6 Bxf6 15. Rab1 Rd8 16. h3 Bxc3 17. bxc3 Bxe4 18. Rfe1 Bxc2 19. Rbc1 Bd3 20. Red1 Bxc4 21. Rd2 d5 22. a3 Ke7 23. f3 b5 24. Ra1 a5 25. a4 b4 26. cxb4 cxb4 27. Rd4 b3 28. Rb1 Rb8 29. f4 Rb4 30. Ra1 Rhb8 31. f5 b2 32. Rb1 Ba2 33. Rxb4 Rxb4 34. Rxb2 Rxb2 35. fxg6 hxg6 36. Kh2 Bb3 37. h4 Bxa4 38. h5 gxh5 39. Kg3 Bc6 40. Kf3 a4 41. Ke3 a3 42. Kd3 a2 43. Kc3 a1Q 0-1